Atlas of histology (Record no. 23777)

MARC details
000 -LEADER
fixed length control field 00343nam a2200145Ia 4500
082 ## - DEWEY DECIMAL CLASSIFICATION NUMBER
Classification number 591.8(084.4)
Item number FRE
100 ## - MAIN ENTRY--AUTHOR NAME
Personal name Bracegirdug, Brian
245 #0 - TITLE STATEMENT
Title Atlas of histology
250 ## - EDITION STATEMENT
Edition statement Ed.2
260 ## - PUBLICATION, DISTRIBUTION, ETC. (IMPRINT)
Place of publication London
Name of publisher ELBS
Year of publication 1966
650 ## - SUBJECT ADDED ENTRY--TOPICAL TERM
Topical Term Histology
700 ## - ADDED ENTRY--PERSONAL NAME
Personal name Freeman, W H
942 ## - ADDED ENTRY ELEMENTS (KOHA)
Koha item type Books
Holdings
Withdrawn status Lost status Damaged status Not for loan Home library Current library Date acquired Full call number Accession Number Koha item type
        RRII Library RRII Library 16/12/2021 591.8(084.4) FRE 04472 Books